| 000 | 01647nam a2200397 c 4500 | ||
|---|---|---|---|
| 999 |
_c178272 _d178272 |
||
| 003 | BLK | ||
| 005 | 20240621130352.0 | ||
| 008 | 180411b bul|||||r ||||||| ||bul|| | ||
| 010 | _aKNG00186977000 | ||
| 020 | _a978-612-212-000-9 | ||
| 020 | _a978-619-212-000-9 | ||
| 040 | _aBLK | ||
| 041 |
_aBUL _cBUL |
||
| 080 |
_aОрганизация на обучението - висше образование _b378.1 _x(075.8) _z378.1(075.8) |
||
| 080 |
_aЗанимания в предучилищна възраст _b373.2 _z373.2 |
||
| 100 |
_aКонакчиева, Петя Йорданова _9382874 |
||
| 139 |
_aКонакчиева, Петя Йорданова _bК 81 |
||
| 245 | 1 | 0 |
_aИнтерактивни моделни технологии във висшето педагогическо образование _cПетя Йорданова Конакчиева. |
| 257 | _aBGR | ||
| 260 |
_bСлово _c2015 _fВ. Търново : Веста _aВ. Търново |
||
| 300 |
_a180 с. _bс ил. _c29 см |
||
| 380 | _a3 | ||
| 500 | _aБиблиогр.: с. 127-134 и след отд. теми | ||
| 650 | 4 |
_aПедагогика, предучилищна _9165966 |
|
| 653 | _aпредучилищна подготовка | ||
| 653 | _aпедагогика | ||
| 653 | _aпедагогическо образование | ||
| 659 | _aН | ||
| 852 | _aЦб ІІ 21248 | ||
| 856 | 4 |
_qpdf _i0.00 _ldisable |
|
| 856 | 4 |
_qpdf _i0.00 _ldisable |
|
| 942 |
_cKNG _n0 _s1 |
||
| 944 |
_aCR _c09.03.2016 _k30540 _lСевдалина Тодорова |
||
| 944 |
_aED _c21.03.2016 _kГеновева_Генчева |
||
| 999 | _d178272 | ||